| 000 | 00697nam a2200253Ia 4500 | ||
|---|---|---|---|
| 005 | 20250117103641.0 | ||
| 008 | 008 250103s9999 xx 000 0 eng d | ||
| 020 | _a9781405124119 | ||
| 037 | _aTextual | ||
| 040 |
_aCSL _beng _cCSL |
||
| 041 |
_aeng _2eng |
||
| 084 |
_aG:56 Q1-;1 _qCSL |
||
| 100 |
_aMorin, Peter J _9710829 |
||
| 245 | 0 |
_aCommunity ecology _cMorin, Peter J |
|
| 250 | _a2nd | ||
| 260 |
_aWest Sussex _bJohn Wiley _c2011 |
||
| 300 | _ax, 407p. ill. | ||
| 650 |
_a Biotic communities _9710376 |
||
| 650 |
_a Food webs _9710830 |
||
| 650 |
_a Habital selection _9734508 |
||
| 650 | _aBotany | ||
| 942 |
_cTEXL _hG:56 Q1-;1 |
||
| 999 |
_c1237976 _d1237976 |
||